Most Unique and Beautiful Flags - Statistics

General Stats
  • This quiz has been taken 24 times
  • The average score is 9 of 10
Answer Stats
Picture Hint Answer % Correct
I love the bird. Albania
100%
Nice leaf. Canada
100%
Very cool looking. Cyprus
100%
The dragon is cool. Bhutan
96%
Best. Tricolor. EVER! Estonia
96%
No red, white, or blue. Cool. Jamaica
96%
Very simple. Good. Japan
96%
Not 4 sides? Noice. Nepal
96%
Very simple as well. Switzerland
96%
I like the style. Seychelles
74%
No matching quizzes found
Score Distribution
Percent of People with Each Score
Percentile by Number Answered
Your Score History
You have not taken this quiz